[Event "Barcelona Sant Marti op-B 24th"]
[Site "Barcelona"]
[Date "2024.07.18"]
[Round "6"]
[White "Garcia Huerta, Joaquin Marc"]
[Black "Miro Fonollosa, Lluis"]
[Result "1-0"]
[WhiteElo "1753"]
[BlackElo "1899"]
[PlyCount "27"]
[EventDate "2024.07.13"]
[EventType "swiss"]
[EventRounds "9"]
[EventCountry "ESP"]
[SourceTitle "EXT 2025"]
[Source "ChessBase"]
[SourceDate "2024.10.14"]
[SourceVersion "1"]
[SourceVersionDate "2024.10.14"]
[SourceQuality "1"]

1. e4 e6 2. d4 d5 3. e5 c5 4. c3 Nc6 5. Nf3 Qb6 6. a3 c4 7. Be2 Nge7 8. Nbd2 Qc7 9. b3 b5 10. a4 Ba6 11. axb5 Bxb5 12. bxc4 dxc4 13. Nxc4 Nd5 14. Nd6+ 1-0

[Event "Barcelona Sant Marti op-B 24th"]
[Site "Barcelona"]
[Date "2024.07.17"]
[Round "5"]
[White "Pascual Gonzalez, Novelles David"]
[Black "Miro Fonollosa, Lluis"]
[Result "0-1"]
[WhiteElo "1711"]
[BlackElo "1899"]
[PlyCount "124"]
[EventDate "2024.07.13"]
[EventType "swiss"]
[EventRounds "9"]
[EventCountry "ESP"]
[SourceTitle "EXT 2025"]
[Source "ChessBase"]
[SourceDate "2024.10.14"]
[SourceVersion "1"]
[SourceVersionDate "2024.10.14"]
[SourceQuality "1"]

1. e4 e6 2. d4 d5 3. exd5 exd5 4. Nf3 Bg4 5. h3 Bh5 6. g4 Bg6 7. Nc3 c6 8. Be3 Bd6 9. Ne5 Ne7 10. Qd2 Nd7 11. f4 f6 12. Nxd7 Qxd7 13. 0-0-0 Bb4 14. f5 Bf7 15. Qd3 0-0-0 16. Kb1 g6 17. a3 Bd6 18. fxg6 hxg6 19. Bg2 Be6 20. Na4 f5 21. Nc5 Bxc5 22. dxc5 fxg4 23. hxg4 Bxg4 24. Rxh8 Rxh8 25. Rf1 Bf5 26. Qe2 Qe6 27. Bf3 Ng8 28. Qd2 Nf6 29. Bd4 Re8 30. Rh1 Be4 31. Qf2 Bf5 32. Qd2 Ne4 33. Qf4 g5 34. Qe3 Ng3 35. Qxe6+ Rxe6 36. Rh8+ Kd7 37. Ka2 Bxc2 38. Bf2 Nf5 39. Bg4 Ke7 40. Rh7+ Kf6 41. Rxb7 Re4 42. Bh5 Ne7 43. Rxa7 d4 44. Rd7 d3 45. Bd4+ Kf5 46. Bc3 g4 47. Rd6 Kg5 48. Bd2+ Kf5 49. Be8 Re2 50. Bd7+ Ke4 51. Re6+ Kf3 52. Rf6+ Kg2 53. Bxc6+ Nxc6 54. Rxc6 Rxd2 55. Rd6 Re2 56. c6 d2 57. c7 Bf5 58. Kb3 g3 59. Kc3 Kg1 60. Rd5 Bc8 61. Kc2 Re7 62. Rxd2 Rxc7+ 0-1

[Event "Barcelona Sant Marti op-B 24th"]
[Site "Barcelona"]
[Date "2024.07.13"]
[Round "1"]
[White "Miro Fonollosa, Lluis"]
[Black "Arjona Bereza, Ivan"]
[Result "0-1"]
[WhiteElo "1899"]
[BlackElo "1708"]
[PlyCount "34"]
[EventDate "2024.07.13"]
[EventType "swiss"]
[EventRounds "9"]
[EventCountry "ESP"]
[SourceTitle "EXT 2025"]
[Source "ChessBase"]
[SourceDate "2024.10.14"]
[SourceVersion "1"]
[SourceVersionDate "2024.10.14"]
[SourceQuality "1"]

1. e4 c5 2. f4 Nc6 3. Bc4 e6 4. Nc3 g6 5. Nf3 Bg7 6. 0-0 Nge7 7. d3 d5 8. Bb3 0-0 9. Ne2 b5 10. a4 b4 11. Rb1 Ba6 12. c4 dxe4 13. dxe4 Qxd1 14. Rxd1 Na5 15. Rd7 Nxb3 16. Rxe7 Bxc4 17. Kf2 Bd3 0-1